[Event "Politiken Cup 2011"]
[Site "Helsingor"]
[Date "2011.08.02"]
[Round "5.29"]
[White "Rewitz, Poul"]
[Black "Johansson, Linus"]
[Result "1/2-1/2"]
[WhiteElo "2309"]
[BlackElo "2159"]
[PlyCount "120"]
[EventDate "2011.??.??"]
[WhiteTeam "Århus/skolerne"]
[BlackTeam "Limhamn"]

1. d4 Nf6 2. Nf3 e6 3. Bg5 h6 4. Bxf6 Qxf6 5. e4 g5 6. Nc3 Bg7 7. Bd3 d6 8. e5
Qe7 9. Qe2 Nd7 10. exd6 cxd6 11. O-O-O Nb6 12. a4 Bd7 13. a5 Na4 14. Nb5 Kf8
15. g4 a6 16. Na3 Rc8 17. c3 Qd8 18. Nc4 Bc6 19. Rhe1 Bxf3 20. Qxf3 d5 21. Ne5
Bxe5 22. Rxe5 Kg7 23. h4 Qxa5 24. Bc2 Nxc3 25. bxc3 Rxc3 26. Rd3 Rhc8 27. Rxc3
Rxc3 28. Re3 Rc4 29. hxg5 Qa1+ 30. Kd2 Rxd4+ 31. Rd3 hxg5 32. Qh3 Rf4 33. f3 b5
34. Rc3 Rd4+ 35. Bd3 Qa2+ 36. Ke3 Rxd3+ 37. Kxd3 Qb1+ 38. Kd2 b4 39. Rc8 Qb2+
40. Kd3 Qb3+ 41. Ke2 Qb2+ 42. Kf1 Qa1+ 43. Kg2 Qb2+ 44. Kf1 Qa1+ 45. Kg2 Qb2+
46. Kh1 Qa1+ 47. Kh2 Qb2+ 48. Qg2 Qe5+ 49. Qg3 Qe2+ 50. Qg2 Qe5+ 51. Qg3 Qe2+
52. Kh3 d4 53. Qg2 Qe1 54. Qb2 e5 55. Rc1 Qe3 56. Kg2 a5 57. Rc2 b3 58. Re2 Qc3
59. Qa3 d3 60. Qe7 dxe2 1/2-1/2

[Event "Politiken Cup 2011"]
[Site "Helsingor"]
[Date "2011.08.02"]
[Round "5.30"]
[White "Tuhrim, Richard"]
[Black "Veng, Johnny"]
[Result "1-0"]
[WhiteElo "2163"]
[BlackElo "2309"]
[PlyCount "63"]
[EventDate "2011.??.??"]
[WhiteTeam "Marshall"]
[BlackTeam "Nordre"]

1. d4 Nf6 2. c4 g6 3. Nf3 Bg7 4. Nc3 d5 5. e3 O-O 6. Qb3 dxc4 7. Bxc4 Nc6 8.
Ne5 Nxe5 9. dxe5 Nd7 10. Bxf7+ Kh8 11. e6 Nc5 12. Qc4 Nd3+ 13. Ke2 Ne5 14. Qd5
b6 15. f4 Ba6+ 16. Kf2 Nxf7 17. exf7 e5 18. Qe6 Qh4+ 19. g3 Qh5 20. h4 Bc8 21.
Qe7 Bb7 22. e4 Rad8 23. Be3 Rd3 24. Rad1 Rxc3 25. Rd8 Rc2+ 26. Kg1 Qh6 27. h5
Bxe4 28. Rxf8+ Bxf8 29. Qxe5+ Qg7 30. Qxe4 Re2 31. h6 Qxf7 32. Bd4+ 1-0

[Event "Politiken Cup 2011"]
[Site "Helsingor"]
[Date "2011.08.02"]
[Round "5.43"]
[White "Pedersen, Henrik B"]
[Black "Bach, Matthias"]
[Result "1/2-1/2"]
[WhiteElo "2146"]
[BlackElo "2307"]
[PlyCount "148"]
[EventDate "2011.??.??"]
[WhiteTeam "Herlev"]

1. e4 c5 2. c3 b6 3. d4 Bb7 4. Bd3 Nf6 5. Nd2 Nc6 6. Ngf3 e6 7. a3 d6 8. O-O
Be7 9. Re1 O-O 10. Qe2 Nd7 11. Nf1 Bf6 12. Be3 Re8 13. Ng3 g6 14. Rad1 a6 15.
Bb1 Rc8 16. Bh6 cxd4 17. cxd4 e5 18. dxe5 dxe5 19. Qe3 Nd4 20. b4 Qe7 21. Rc1
Nf8 22. Ne2 Nfe6 23. Nc3 Nxf3+ 24. Qxf3 Nd4 25. Qe3 Qe6 26. Ne2 Qg4 27. f3 Qe6
28. Qd3 a5 29. bxa5 bxa5 30. Nxd4 exd4 31. Qb5 Qa6 32. Bd3 Qxb5 33. Bxb5 Red8
34. Bd2 Rxc1 35. Rxc1 Rb8 36. Bd3 Ra8 37. Kf1 Ba6 38. Bxa6 Rxa6 39. Rc5 Be7 40.
Rxa5 Rxa5 41. Bxa5 Bxa3 42. Ke2 Bd6 43. h3 f6 44. Bb6 Kf7 45. Bxd4 Ke6 46. Kd3
f5 47. Ke3 fxe4 48. Kxe4 h5 49. Be3 Bc7 50. Bf4 Ba5 51. Be5 Bd2 52. g3 Bc1 53.
f4 Bd2 54. Bd4 Be1 55. g4 hxg4 56. hxg4 Bb4 57. Be5 Be7 58. Kd4 Ba3 59. Bb8 Be7
60. Kc4 Ba3 61. Kd4 Be7 62. Ke4 Bb4 63. Ba7 Be7 64. Bd4 Bb4 65. Bb2 Be7 66. f5+
gxf5+ 67. gxf5+ Kf7 68. Kf4 Bb4 69. Ke5 Be7 70. Kd5 Bb4 71. Kc6 Be7 72. Kd7 Bf6
73. Bxf6 Kxf6 74. Kd6 Kxf5 1/2-1/2

[Event "Politiken Cup 2011"]
[Site "Helsingor"]
[Date "2011.08.02"]
[Round "5.33"]
[White "Burmeister, Rick"]
[Black "Nielsen, John Bauneborg"]
[Result "1/2-1/2"]
[WhiteElo "2298"]
[BlackElo "2140"]
[PlyCount "27"]
[EventDate "2011.??.??"]
[BlackTeam "Nørresundby"]

1. e4 c5 2. Nc3 Nc6 3. g3 e6 4. Bg2 Nf6 5. d3 d5 6. exd5 Nxd5 7. Nge2 Be7 8.
O-O O-O 9. Re1 Nxc3 10. Nxc3 Qd7 11. Ne4 b6 12. Qh5 Bb7 13. Bg5 Rad8 14. c3
1/2-1/2

[Event "Politiken Cup 2011"]
[Site "Helsingor"]
[Date "2011.08.02"]
[Round "5.35"]
[White "Lercel, Michal"]
[Black "Schmidt, Kristen"]
[Result "1-0"]
[WhiteElo "2141"]
[BlackElo "2289"]
[PlyCount "95"]
[EventDate "2011.??.??"]
[WhiteTeam "Oksir Wiznia Mala"]

1. e4 c5 2. Nf3 e6 3. d3 Nc6 4. g3 Nf6 5. Bg2 d5 6. Nbd2 Be7 7. O-O Qc7 8. Re1
b6 9. Nf1 dxe4 10. dxe4 Ba6 11. Bf4 e5 12. Bg5 Rd8 13. Qb1 Ng4 14. h3 Bxg5 15.
hxg4 h6 16. N1h2 Nd4 17. Bf1 Nxf3+ 18. Nxf3 Bc8 19. Bb5+ Ke7 20. Be2 f6 21. Nh2
Bb7 22. c3 Rd6 23. Nf1 Qc6 24. Qc2 Rhd8 25. a4 Kf8 26. Bb5 Qc8 27. Qe2 a5 28.
Bc4 Qa8 29. Qf3 Bc8 30. Bd5 Qa7 31. c4 Be6 32. b3 Qd7 33. Nh2 Kg8 34. Qe2 Kh8
35. Kg2 Qe8 36. Rad1 Bc8 37. Rd3 g6 38. Red1 Qd7 39. Kg1 Kg7 40. Rf1 Qc7 41. f4
exf4 42. gxf4 Bh4 43. Rh3 g5 44. e5 Qe7 45. fxg5 fxg5 46. Qe4 Re6 47. Rhf3 Rd7
48. Rf6 1-0

[Event "Politiken Cup 2011"]
[Site "Helsingor"]
[Date "2011.08.02"]
[Round "5.44"]
[White "Christensen, Bo Garner"]
[Black "Lilja, Richard"]
[Result "0-1"]
[WhiteElo "2289"]
[BlackElo "2111"]
[PlyCount "72"]
[EventDate "2011.??.??"]
[WhiteTeam "K41"]
[BlackTeam "Skørping"]

1. e4 g6 2. Nc3 Bg7 3. Bc4 c5 4. f4 Nc6 5. Nf3 d6 6. d3 a6 7. a4 e6 8. Be3 Nge7
9. Ba2 b5 10. Qd2 b4 11. Nd1 Qb6 12. O-O Bd7 13. Qf2 Rc8 14. g4 h5 15. h3 hxg4
16. hxg4 Nd4 17. Bxd4 cxd4 18. Bb3 Nc6 19. Nd2 Na5 20. Nc4 Nxc4 21. Bxc4 Ke7
22. f5 gxf5 23. exf5 exf5 24. b3 Qb7 25. Qf3 Qxf3 26. Rxf3 Bc6 27. Rxf5 Rh1+
28. Kf2 d5 29. Bxa6 Ra8 30. Kg2 Re1 31. Rf1 Rxf1 32. Kxf1 Rxa6 33. Nf2 Bh6 34.
Kg2 Bd7 35. Rh1 Be3 36. Rh5 Be6 0-1

[Event "Politiken Cup 2011"]
[Site "Helsingor"]
[Date "2011.08.02"]
[Round "5.60"]
[White "Vesterli, Michael E"]
[Black "Skousen, Nikolai"]
[Result "0-1"]
[WhiteElo "1969"]
[BlackElo "2289"]
[PlyCount "56"]
[EventDate "2011.??.??"]
[WhiteTeam "BMS"]
[BlackTeam "Øbro"]

1. d4 Nf6 2. c4 e6 3. Nf3 c5 4. d5 b5 5. e3 Bb7 6. dxe6 fxe6 7. cxb5 d5 8. Be2
Bd6 9. O-O O-O 10. b3 Nbd7 11. Bb2 e5 12. Nbd2 e4 13. Ng5 Qe7 14. Re1 Ne5 15.
Rc1 Rad8 16. Nf1 Nfg4 17. Bxg4 Qxg5 18. Bxe5 Qxe5 19. f4 Qf6 20. Ng3 Rfe8 21.
Qc2 g6 22. Rcd1 Bf8 23. Ne2 Kh8 24. Nc3 d4 25. exd4 Qxf4 26. Qe2 cxd4 27. g3
Qg5 28. h4 Qe5 0-1

[Event "Politiken Cup 2011"]
[Site "Helsingor"]
[Date "2011.08.02"]
[Round "5.34"]
[White "Skovgaard, Peter"]
[Black "Pedersen, Nicolai Kvist Brond"]
[Result "1/2-1/2"]
[WhiteElo "2288"]
[BlackElo "2130"]
[PlyCount "25"]
[EventDate "2011.??.??"]
[WhiteTeam "BMS"]
[BlackTeam "BMS"]

1. e4 c6 2. d4 d5 3. e5 Bf5 4. h4 h5 5. c4 e6 6. Nc3 Nd7 7. cxd5 cxd5 8. Bg5
Qb6 9. Bb5 Ne7 10. Bxe7 Bxe7 11. Qb3 Rd8 12. Nge2 O-O 13. Qa4 1/2-1/2

[Event "Politiken Cup 2011"]
[Site "Helsingor"]
[Date "2011.08.02"]
[Round "5.45"]
[White "Christiansen, Jens Jorgen"]
[Black "Jorgensen, Michael"]
[Result "0-1"]
[WhiteElo "2115"]
[BlackElo "2271"]
[PlyCount "62"]
[EventDate "2011.??.??"]
[WhiteTeam "Nørresundby"]
[BlackTeam "Helsingør"]

1. d4 f5 2. g3 Nf6 3. Bg2 g6 4. Nh3 Bg7 5. O-O Nc6 6. f4 e6 7. c4 O-O 8. Nc3 d6
9. e3 Bd7 10. Nf2 a5 11. b3 Qe7 12. a3 Rad8 13. Bb2 Bc8 14. Qc2 Rfe8 15. Nd3 h5
16. Rfe1 h4 17. gxh4 Qf7 18. b4 axb4 19. axb4 Ne7 20. Nf2 e5 21. Ne2 e4 22. d5
Nh5 23. Nh3 Bxb2 24. Qxb2 Qf6 25. Qxf6 Nxf6 26. Nd4 Bd7 27. Ng5 Ra8 28. h3 b5
29. cxb5 Nexd5 30. Nge6 Rxa1 31. Rxa1 Bxe6 0-1

[Event "Politiken Cup 2011"]
[Site "Helsingor"]
[Date "2011.08.02"]
[Round "5.61"]
[White "Sbarra, Marco"]
[Black "Stolberg-Rohr, Thomine"]
[Result "1-0"]
[WhiteElo "2266"]
[BlackElo "1964"]
[PlyCount "84"]
[EventDate "2011.??.??"]
[BlackTeam "Evans"]

1. d4 g6 2. c4 Bg7 3. e4 d6 4. Nc3 e5 5. d5 f5 6. exf5 gxf5 7. Qh5+ Kf8 8. Bd3
Nf6 9. Qh4 Qe8 10. Bh6 Qg6 11. Bxg7+ Qxg7 12. Nge2 Na6 13. O-O-O Rg8 14. Rhg1
Bd7 15. f3 Nc5 16. Bc2 a5 17. Rdf1 h6 18. Kb1 b5 19. cxb5 a4 20. a3 f4 21. Qf2
Qf7 22. Rd1 Ra5 23. g3 Bxb5 24. Nxb5 Rxb5 25. Nc3 Ra5 26. gxf4 Rxg1 27. Qxg1
exf4 28. Rd4 Nfd7 29. Qf1 Qg7 30. Rxf4+ Ke7 31. Rg4 Qf8 32. Qe1+ Kd8 33. Nxa4
Rb5 34. Nc3 Rb8 35. Qg3 Qf6 36. Rg8+ Nf8 37. Qg7 Qxg7 38. Rxg7 Ncd7 39. Bf5 Nf6
40. Rf7 N8d7 41. Bxd7 Nxd7 42. Rh7 Ne5 1-0

[Event "Politiken Cup 2011"]
[Site "Helsingor"]
[Date "2011.08.02"]
[Round "5.37"]
[White "Ochsner, Bjorn Moller"]
[Black "Krzesinski, Paul"]
[Result "1-0"]
[WhiteElo "2258"]
[BlackElo "1832"]
[PlyCount "39"]
[EventDate "2011.??.??"]
[BlackTeam "Sabt Frankfurter TV 1860"]

1. e4 e5 2. Nf3 Nc6 3. Bb5 a6 4. Ba4 Nf6 5. O-O Nxe4 6. d4 b5 7. Bb3 d5 8. dxe5
Be6 9. Nbd2 Nc5 10. c3 g6 11. Nd4 Nxe5 12. Qe2 Bg7 13. f4 Nc4 14. f5 gxf5 15.
Nxf5 O-O 16. Nxg7 Kxg7 17. Nxc4 bxc4 18. Bc2 Nd3 19. Bxd3 cxd3 20. Qe5+ 1-0

[Event "Politiken Cup 2011"]
[Site "Helsingor"]
[Date "2011.08.02"]
[Round "5.46"]
[White "Gagliardi, Christian"]
[Black "Brorsen, Jacob Abildlund"]
[Result "1-0"]
[WhiteElo "2258"]
[BlackElo "2061"]
[PlyCount "115"]
[EventDate "2011.??.??"]
[WhiteTeam "Mariano Comense"]
[BlackTeam "BMS"]

1. e4 c5 2. Nf3 d6 3. d4 cxd4 4. Nxd4 Nf6 5. Nc3 a6 6. Bg5 e6 7. f4 Qc7 8. Qf3
Nc6 9. O-O-O Be7 10. Nxc6 Qxc6 11. e5 Qxf3 12. gxf3 dxe5 13. fxe5 Nd7 14. Bxe7
Kxe7 15. f4 g5 16. fxg5 Nxe5 17. Bg2 Rb8 18. Rhe1 Ng6 19. Nd5+ Kf8 20. Nb6 Ke7
21. b3 h6 22. gxh6 Rxh6 23. Nxc8+ Rxc8 24. Bxb7 Rc5 25. Rd2 a5 26. c4 Rh3 27.
Be4 f5 28. Bc2 Kf6 29. Kd1 Ne5 30. Rde2 Rh5 31. a3 f4 32. Re4 f3 33. Rf4+ Kg5
34. Rf8 Kg4 35. Re4+ Kh3 36. Ke1 Rg5 37. Kf1 Kxh2 38. Rh8+ Kg3 39. Rh1 Ng4 40.
Rg1+ Kh3 41. Bd3 Nh2+ 42. Kf2 Rxg1 43. Kxg1 Rg5+ 44. Kf2 Rg2+ 45. Ke3 f2 46.
Rxe6 Ng4+ 47. Kd4 Rg3 48. Bf1+ Kh2 49. c5 Rxb3 50. c6 Rb1 51. Ba6 Rc1 52. Kd5
Kg3 53. Kd6 Kf4 54. c7 Rc2 55. Re8 Rd2+ 56. Kc5 Rc2+ 57. Kb6 Nf6 58. c8=Q 1-0

[Event "Politiken Cup 2011"]
[Site "Helsingor"]
[Date "2011.08.02"]
[Round "5.47"]
[White "Andersen, Rune Egede"]
[Black "Stojanovski, Sandi"]
[Result "0-1"]
[WhiteElo "2078"]
[BlackElo "2254"]
[PlyCount "58"]
[EventDate "2011.??.??"]
[WhiteTeam "Brønshøj"]
[BlackTeam "K41"]

1. e4 c5 2. c3 d5 3. exd5 Qxd5 4. d4 e6 5. Nf3 Nc6 6. Be3 cxd4 7. cxd4 Nf6 8.
Nc3 Qd6 9. Bd3 Be7 10. O-O O-O 11. a3 b6 12. Qc2 Bb7 13. Rad1 Rac8 14. Rfe1 g6
15. Qb1 Rfd8 16. b4 Qb8 17. Ne2 Ng4 18. Nf4 Nxe3 19. fxe3 Bf6 20. Rf1 Ne7 21.
Nd2 Nf5 22. Rde1 Nxe3 23. Nxg6 Nxf1 24. Rxf1 Bxd4+ 25. Kh1 fxg6 26. Bxg6 Rd7
27. Rf7 Rxf7 28. Bxf7+ Kh8 29. Bxe6 Rf8 0-1

[Event "Politiken Cup 2011"]
[Site "Helsingor"]
[Date "2011.08.02"]
[Round "5.38"]
[White "Matthiesen, Martin"]
[Black "Jensen, Michael Agermose"]
[Result "1-0"]
[WhiteElo "2251"]
[BlackElo "2109"]
[PlyCount "75"]
[EventDate "2011.??.??"]
[WhiteTeam "SK68"]
[BlackTeam "Frem"]

1. d4 g6 2. Nf3 Bg7 3. g3 d6 4. Bg2 f5 5. O-O Nf6 6. b3 O-O 7. Bb2 Qe8 8. c4 h6
9. Nbd2 g5 10. e3 Qh5 11. Ne1 Qg6 12. Qc2 Nc6 13. d5 Ne5 14. Ndf3 Ne4 15. Nxe5
dxe5 16. Nd3 f4 17. Nxe5 Bxe5 18. Bxe4 Qf6 19. Bxe5 Qxe5 20. exf4 gxf4 21. Rae1
Qg7 22. Qd1 Bg4 23. Bf3 Bh3 24. Re4 Bxf1 25. Kxf1 Rf6 26. g4 Rg6 27. Qe2 Re8
28. Rxf4 h5 29. h3 Rf8 30. Re4 Qa1+ 31. Kg2 Rgf6 32. Re3 hxg4 33. hxg4 Rh6 34.
Qd1 Qh8 35. Qd3 Rh2+ 36. Kg1 Rxf3 37. Qg6+ Kf8 38. Rxf3+ 1-0

[Event "Politiken Cup 2011"]
[Site "Helsingor"]
[Date "2011.08.02"]
[Round "5.39"]
[White "Skjoldager, Per"]
[Black "Rehn, Ralf"]
[Result "0-1"]
[WhiteElo "2126"]
[BlackElo "2237"]
[PlyCount "130"]
[EventDate "2011.??.??"]
[WhiteTeam "Evans"]
[BlackTeam "HaSS"]

1. e4 g6 2. d4 Bg7 3. Nc3 d6 4. f4 d5 5. e5 Nh6 6. Nf3 Nc6 7. Be3 a6 8. a3 b5
9. Bd3 Bf5 10. h3 Bxd3 11. Qxd3 Nf5 12. Bf2 e6 13. g4 Nfe7 14. Bh4 Qd7 15. Bf6
Rg8 16. O-O-O Na5 17. Bxg7 Rxg7 18. b3 Nec6 19. Na2 Qe7 20. Kb2 Rb8 21. Qc3 Kd7
22. Nb4 Nxb4 23. Qxb4 Nc6 24. Qxe7+ Kxe7 25. g5 h5 26. Rd3 Kd7 27. Ra1 Rh7 28.
Nh4 Rhh8 29. c3 Rhc8 30. b4 a5 31. Ng2 Ra8 32. Rdd1 Rcb8 33. Ne3 Ne7 34. h4 Nc8
35. Rdb1 Nb6 36. Kc2 Kc6 37. Kb3 Ra6 38. Kc2 Rba8 39. Kb2 Nc4+ 40. Nxc4 dxc4
41. bxa5 Rxa5 42. Re1 Kd5 43. Re2 R8a7 44. Ree1 Ra4 45. Re2 Ra8 46. Ree1 Rd8
47. Rad1 Kc6 48. Re2 Rd5 49. Ka2 Kb6 50. Rb2 Rd8 51. Rb4 Ra6 52. Ra1 c5 53.
dxc5+ Kxc5 54. Rf1 Rda8 55. a4 Rxa4+ 56. Rxa4 Rxa4+ 57. Kb2 b4 58. cxb4+ Kxb4
59. Rd1 c3+ 60. Kc2 Ra2+ 61. Kd3 Kb3 62. Rb1+ Rb2 63. Rd1 Kb4 64. Ra1 Rd2+ 65.
Ke3 Rd7 0-1

[Event "Politiken Cup 2011"]
[Site "Helsingor"]
[Date "2011.08.02"]
[Round "5.49"]
[White "Jorgensen, Carina Eilegaard"]
[Black "Hansen, Mads"]
[Result "0-1"]
[WhiteElo "2030"]
[BlackElo "2224"]
[PlyCount "62"]
[EventDate "2011.??.??"]
[WhiteTeam "Taastrup"]
[BlackTeam "Frem"]

1. d4 Nf6 2. c4 e6 3. Nf3 c5 4. d5 b5 5. Nc3 b4 6. Nb1 exd5 7. cxd5 Bb7 8. d6
Qb6 9. Bf4 Nh5 10. Be5 f6 11. Qb3 fxe5 12. Nxe5 Nf6 13. Nd2 Bd5 14. Ndc4 Qa6
15. Qe3 Be6 16. Qxc5 Ne4 17. Qxb4 Nxd6 18. Nxd6+ Bxd6 19. Qc3 O-O 20. e3 Qb7
21. a3 Na6 22. f3 Nc5 23. Bc4 Bxe5 24. Bxe6+ dxe6 25. Qxc5 Bxb2 26. Rd1 Rac8
27. Qd6 Bc3+ 28. Kf2 Qb2+ 29. Kf1 Qa2 30. Rg1 Ba5 31. e4 Rcd8 0-1

[Event "Politiken Cup 2011"]
[Site "Helsingor"]
[Date "2011.08.02"]
[Round "5.55"]
[White "Kyrkjebo, Erlend"]
[Black "Rorvik, Jon F"]
[Result "1/2-1/2"]
[WhiteElo "1953"]
[BlackElo "2172"]
[PlyCount "38"]
[EventDate "2011.??.??"]
[WhiteTeam "Stavanger"]
[BlackTeam "Tempo Sjakk"]

1. e4 e5 2. Nc3 Nc6 3. Bc4 Nf6 4. d3 Bb4 5. Nge2 d5 6. exd5 Nxd5 7. O-O Nb6 8.
Bb3 Na5 9. Ne4 Nxb3 10. axb3 f5 11. N4g3 O-O 12. f4 exf4 13. Bxf4 Nd5 14. c3
Nxf4 15. Nxf4 Bd6 16. d4 Qg5 17. Qf3 Bxf4 18. Qxf4 Qxf4 19. Rxf4 Bd7 1/2-1/2

[Event "Politiken Cup 2011"]
[Site "Helsingor"]
[Date "2011.08.02"]
[Round "5.98"]
[White "Andersen, Morten"]
[Black "Andersen, Troels Baekgaard"]
[Result "1-0"]
[WhiteElo "2172"]
[BlackElo "1620"]
[PlyCount "107"]
[EventDate "2011.??.??"]
[WhiteTeam "Centrum"]
[BlackTeam "Skovbo"]

1. d4 Nf6 2. c4 e6 3. g3 d5 4. Nf3 c5 5. Bg2 Nc6 6. O-O Bd6 7. Bg5 cxd4 8. cxd5
exd5 9. Nbd2 h6 10. Bxf6 Qxf6 11. Nb3 O-O 12. Nbxd4 Nxd4 13. Qxd4 Qxd4 14. Nxd4
Be5 15. Rfd1 Bg4 16. Bxd5 Bxd4 17. Rxd4 Bxe2 18. Bxb7 Rab8 19. Rd2 Rxb7 20.
Rxe2 Rfb8 21. b3 Rd8 22. Rc1 Kf8 23. f3 Rbd7 24. Kf2 f6 25. f4 Kf7 26. Rc5 Rd2
27. Rc7+ R2d7 28. Rxd7+ Rxd7 29. Ke1 Rd5 30. Rd2 Ra5 31. a4 Ke7 32. Kd1 Rh5 33.
b4 a6 34. Kc2 Rf5 35. Kc3 g5 36. Rd4 g4 37. Kc4 h5 38. Rd5 Rxd5 39. Kxd5 Kd7
40. b5 axb5 41. axb5 h4 42. gxh4 g3 43. hxg3 f5 44. h5 Ke7 45. b6 Kf6 46. b7
Kg7 47. b8=Q Kh7 48. Qb6 Kg7 49. Ke5 Kh7 50. Kxf5 Kg7 51. g4 Kh7 52. Kg5 Kg7
53. Qa7+ Kf8 54. Kf6 1-0

[Event "Politiken Cup 2011"]
[Site "Helsingor"]
[Date "2011.08.02"]
[Round "5.56"]
[White "Haug, Johannes"]
[Black "Schou-Moldt, Thomas"]
[Result "1-0"]
[WhiteElo "1725"]
[BlackElo "2167"]
[PlyCount "58"]
[EventDate "2011.??.??"]
[WhiteTeam "Nordstrand"]
[BlackTeam "Allerød"]

1. e4 c5 2. c3 d5 3. exd5 Qxd5 4. d4 Nf6 5. Nf3 Nc6 6. Be2 Bf5 7. Na3 cxd4 8.
Nb5 O-O-O 9. Nbxd4 Qc5 10. b4 Qb6 11. Qb3 Nxd4 12. Nxd4 Be4 13. O-O Nd5 14. a4
Kb8 15. f3 Bg6 16. a5 Qf6 17. a6 e5 18. Nc2 b6 19. Bc4 Nf4 20. Bxf4 Qxf4 21.
Rad1 Be7 22. Na3 Rxd1 23. Rxd1 Qe3+ 24. Kf1 Rd8 25. Rxd8+ Bxd8 26. Qd1 Bc7 27.
Qd7 f6 28. Nb5 Qc1+ 29. Kf2 Qd2+ 1-0

[Event "Politiken Cup 2011"]
[Site "Helsingor"]
[Date "2011.08.02"]
[Round "5.62"]
[White "Brobakken, Geir"]
[Black "Leutwyler, Martin"]
[Result "1/2-1/2"]
[WhiteElo "1966"]
[BlackElo "2163"]
[PlyCount "86"]
[EventDate "2011.??.??"]
[WhiteTeam "Hamar"]
[BlackTeam "St.Gallen"]

1. e4 Nf6 2. Nc3 d5 3. exd5 Nxd5 4. d4 Nxc3 5. bxc3 g6 6. Nf3 Bg7 7. h3 O-O 8.
Bc4 c5 9. Be3 Nc6 10. O-O Qa5 11. Qd2 cxd4 12. Nxd4 Nxd4 13. Bxd4 e5 14. Be3
Rd8 15. Qe1 Bf5 16. Bb3 e4 17. Rd1 Rxd1 18. Qxd1 Bxc3 19. g4 Be6 20. Bxe6 fxe6
21. Qd7 Qd5 22. Rd1 Qxd7 23. Rxd7 b6 24. Kf1 Bf6 25. Rc7 Kf8 26. Ke2 Be7 27.
Rc4 Kf7 28. Rxe4 Rc8 29. Kd3 Bc5 30. Rc4 Rd8+ 31. Ke2 Bd6 32. Rc6 e5 33. Kf3
Ke6 34. Ke4 Rd7 35. f3 Rc7 36. Rxc7 Bxc7 37. Bc1 b5 38. Bb2 a5 39. Bc3 a4 40.
Bb4 Bb6 41. Bf8 Bc7 42. Bb4 Bb6 43. Bf8 Bc7 1/2-1/2

[Event "Politiken Cup 2011"]
[Site "Helsingor"]
[Date "2011.08.02"]
[Round "5.63"]
[White "Petersen, Peter Birk"]
[Black "Johansen, Stian"]
[Result "1/2-1/2"]
[WhiteElo "2156"]
[BlackElo "1961"]
[PlyCount "70"]
[EventDate "2011.??.??"]
[WhiteTeam "Taastrup"]
[BlackTeam "Moss"]

1. e4 c5 2. Nf3 d6 3. d4 cxd4 4. Nxd4 Nf6 5. Nc3 g6 6. Be3 Bg7 7. Bc4 Nc6 8. f3
O-O 9. Qd2 Bd7 10. O-O-O Rc8 11. Bb3 Ne5 12. Kb1 Nc4 13. Bxc4 Rxc4 14. Nb3 Qc7
15. Bh6 b5 16. Bxg7 Kxg7 17. h4 b4 18. Nd5 Nxd5 19. exd5 Rc8 20. Nd4 h5 21. g4
Rh8 22. Qg5 f6 23. Qe3 Kf7 24. Rde1 Qd8 25. Reg1 Qb6 26. Rd1 Qd8 27. Qd3 Rc5
28. Nb3 Rc8 29. Rdg1 hxg4 30. fxg4 Qb6 31. h5 Rcg8 32. Nd4 gxh5 33. gxh5 Rxh5
34. Re1 Rxh1 35. Rxh1 Rg7 1/2-1/2

[Event "Politiken Cup 2011"]
[Site "Helsingor"]
[Date "2011.08.02"]
[Round "5.64"]
[White "Hjornevik, Knut J"]
[Black "Klings, Peter"]
[Result "0-1"]
[WhiteElo "1959"]
[BlackElo "2149"]
[PlyCount "78"]
[EventDate "2011.??.??"]
[WhiteTeam "Sandness"]
[BlackTeam "St. Gallen"]

1. d4 Nf6 2. Nc3 c5 3. d5 g6 4. e4 d6 5. f3 Bg7 6. Be3 Na6 7. Qd2 Bd7 8. Bh6
Bxh6 9. Qxh6 Qa5 10. Qd2 Nc7 11. g3 O-O-O 12. O-O-O Kb8 13. Kb1 Ka8 14. Bh3 Rb8
15. Bxd7 Nxd7 16. Nge2 b5 17. Nc1 b4 18. N3e2 Nb5 19. Rde1 Ne5 20. Rhf1 Rhc8
21. Nb3 Qa4 22. Ka1 Rb6 23. Qc1 Ra6 24. Qb1 Nc4 25. Nec1 Rb8 26. Rf2 Nc3 27.
bxc3 bxc3 28. Ne2 Qb4 29. Rd1 Na3 30. Qc1 Nb5 31. Nf4 Qa4 32. Qb1 Na3 33. Qc1
Nb5 34. Qb1 c4 35. Ne2 Qb4 36. Nbd4 Qc5 37. Qc1 Nxd4 38. Nxc3 Qa5 39. Qe3 Nb5
0-1

[Event "Politiken Cup 2011"]
[Site "Helsingor"]
[Date "2011.08.02"]
[Round "5.65"]
[White "Poulsen, Klaus E"]
[Black "Schmitt, Carsten"]
[Result "0-1"]
[WhiteElo "2148"]
[BlackElo "1959"]
[PlyCount "80"]
[EventDate "2011.??.??"]
[WhiteTeam "Odysseus"]
[BlackTeam "SV Bergwinkel"]

1. e4 c5 2. Nf3 Nf6 3. Nc3 d5 4. exd5 Nxd5 5. Bb5+ Bd7 6. Qe2 Nb4 7. d4 Bxb5 8.
Qxb5+ Qd7 9. O-O Nxc2 10. Rb1 Nxd4 11. Nxd4 cxd4 12. Qxd7+ Kxd7 13. Rd1 e5 14.
f4 f6 15. b4 Na6 16. fxe5 fxe5 17. Ne4 b6 18. Rf1 Nxb4 19. Rf7+ Ke6 20. Ng5+
Kd5 21. Rxf8 Rhxf8 22. Rxb4 h6 23. Nf3 Rac8 24. Bb2 Rc2 25. Ne1 Rc4 26. Rb5+
Rc5 27. Rb4 Ra5 28. a3 Rc8 29. Nf3 Rc4 30. Nxe5 Rxb4 31. axb4 Ra2 32. Nd3 Ke4
33. Nf2+ Ke3 34. h3 Rxb2 35. Nd1+ Kd2 36. Nxb2 b5 37. Kf2 Kc2 38. Ke2 Kxb2 39.
Kd3 Kb3 40. Kxd4 Kxb4 0-1

[Event "Politiken Cup 2011"]
[Site "Helsingor"]
[Date "2011.08.02"]
[Round "5.57"]
[White "Nilsson, Patrik 1978"]
[Black "Berni, Fabrizio"]
[Result "0-1"]
[WhiteElo "2057"]
[BlackElo "2147"]
[PlyCount "68"]
[EventDate "2011.??.??"]
[BlackTeam "Mariano Comense"]

1. e4 c5 2. Nf3 e6 3. d4 cxd4 4. Nxd4 a6 5. Bd3 Nf6 6. Nc3 Qc7 7. O-O Nc6 8.
Nxc6 dxc6 9. f4 e5 10. Qe1 Bd6 11. Qg3 Ng4 12. f5 h5 13. Be2 Bc5+ 14. Kh1 Nf6
15. Be3 Bxe3 16. Qxe3 Bd7 17. Na4 Rd8 18. Nc5 Bc8 19. a4 a5 20. Qg5 Ke7 21. Ne6
Bxe6 22. fxe6 Kf8 23. Bc4 Rd4 24. Bb3 Rxe4 25. c3 Rg4 26. Qe3 c5 27. Rad1 c4
28. Bc2 fxe6 29. h3 Rf4 30. Rfe1 Kf7 31. g3 Qc6+ 32. Kh2 Rf3 33. Qe2 Ng4+ 34.
Kh1 Rf1# 0-1

[Event "Politiken Cup 2011"]
[Site "Helsingor"]
[Date "2011.08.02"]
[Round "5.67"]
[White "Hinrichs, Jan"]
[Black "Brastein, Lars"]
[Result "1/2-1/2"]
[WhiteElo "1947"]
[BlackElo "2115"]
[PlyCount "82"]
[EventDate "2011.??.??"]
[WhiteTeam "Hamburger Schachklub"]
[BlackTeam "Sandness"]

1. d4 d5 2. c4 e6 3. Nf3 c6 4. g3 dxc4 5. Bg2 b5 6. Ne5 Bb7 7. a4 Qc7 8. b3
cxb3 9. Qxb3 a6 10. Bf4 Bd6 11. Nc3 Nf6 12. axb5 axb5 13. Rxa8 Bxa8 14. O-O O-O
15. Nxb5 cxb5 16. Bxa8 Qa7 17. Bf3 Qxd4 18. Rd1 Qb4 19. Qxb4 Bxb4 20. Rb1 Bc3
21. Rxb5 Nfd7 22. Nc4 Bf6 23. Kg2 h6 24. Bb7 g5 25. Bd6 Re8 26. e4 Be7 27. e5
Bxd6 28. Nxd6 Rd8 29. Ne4 Kg7 30. f4 gxf4 31. gxf4 f6 32. exf6+ Nxf6 33. Nc5
Rd2+ 34. Kg3 Nbd7 35. Nxe6+ Kf7 36. Nc7 Rd3+ 37. Kh4 Nf8 38. f5 Rd4+ 39. Kh3
Rd3+ 40. Kg2 Rd2+ 41. Kh3 Rd3+ 1/2-1/2

[Event "Politiken Cup 2011"]
[Site "Helsingor"]
[Date "2011.08.02"]
[Round "5.68"]
[White "Bratholm, Palle"]
[Black "Lyngsjo, Hakan"]
[Result "0-1"]
[WhiteElo "2111"]
[BlackElo "1943"]
[PlyCount "88"]
[EventDate "2011.??.??"]
[WhiteTeam "Sjælsø"]

1. e4 Nf6 2. e5 Nd5 3. d4 d6 4. Nf3 dxe5 5. Nxe5 c6 6. Be2 Bf5 7. O-O Nd7 8.
Nf3 e6 9. c4 N5f6 10. Nc3 Qc7 11. a3 Bd6 12. c5 Be7 13. Re1 O-O 14. Bd3 Bxd3
15. Qxd3 Rfd8 16. Qe2 Nf8 17. b4 Ng6 18. g3 Rd7 19. Be3 Rad8 20. Red1 Nd5 21.
Nxd5 Rxd5 22. h4 h6 23. Rd2 Bf6 24. Rad1 Ne7 25. Bf4 Qc8 26. Be5 Bxe5 27. Nxe5
Nf5 28. Qe4 Qc7 29. h5 Ra8 30. g4 Nxd4 31. Nxf7 Qxf7 32. Rxd4 Rad8 33. b5 cxb5
34. f4 Qd7 35. Rxd5 exd5 36. Qg6 Qc6 37. Qxc6 bxc6 38. Re1 Kf7 39. Re5 Re8 40.
Rf5+ Ke6 41. Kf2 a5 42. Ke3 a4 43. Kd4 Re7 44. Kd3 Rf7 0-1

[Event "Politiken Cup 2011"]
[Site "Helsingor"]
[Date "2011.08.02"]
[Round "5.99"]
[White "Nielsen, Peter"]
[Black "Ramme, Christoph"]
[Result "0-1"]
[WhiteElo "1802"]
[BlackElo "2108"]
[PlyCount "56"]
[EventDate "2011.??.??"]
[WhiteTeam "Enkeltmedlem"]
[BlackTeam "SK Marmstorf"]

1. e4 c5 2. Nc3 e6 3. f4 d5 4. Bb5+ Nc6 5. Bxc6+ bxc6 6. e5 c4 7. d3 cxd3 8.
cxd3 Ne7 9. Nf3 Nf5 10. d4 c5 11. dxc5 Bxc5 12. b4 Be7 13. a3 h5 14. Nd4 g6 15.
Nce2 Qb6 16. Nxf5 gxf5 17. Qd4 Ba6 18. Qxb6 axb6 19. Be3 Bxe2 20. Kxe2 b5 21.
Rhc1 Kd7 22. Bc5 Rhc8 23. Bxe7 Kxe7 24. Rc5 Rxc5 25. bxc5 Kd7 26. Kd3 Kc6 27.
Kd4 Ra4+ 28. Ke3 b4 0-1